[Event "Challenge"]
[Site "http://www.queenalice.com/game.php?id=259271"]
[Date "2007.8.21"]
[Round "-"]
[White "dasekeed"]
[Black "kiko_rs"]
[Result "1-0"]
[WhiteElo "1536"]
[BlackElo "1535"]

1. e4 e5 2. Nf3 Nc6 3. Bc4 g6 4. Nc3 Bg7 5. d3 Nf6 6. Ng5 O-O 7. Be3 Ng4 8. Qxg4
h6 9. Nxf7 Rxf7 10. Bxf7+ Kxf7 11. Nd5 d6 12. Qf3+ Kg8 13. Qg3 Be6 14. f4 Nd4
15. O-O c6 16. fxe5 dxe5 17. Qxg6 Bf7 18. Qxf7+ Kh8 19. Nf6 Qd6 20. Nh5 Rg8 21.
Qxb7 Qg6 22. Ng3 h5 23. Qxa7 h4 24. Nf5 Ne2+ 25. Kh1 Bh6 26. Nxh4 Qg4 27. Bf2
Nf4 28. Be3 Bg5 29. g3 Bxh4 30. Bxf4 exf4 31. Rxf4 Rg7 32. Qb8+ Rg8 33. Qe5+ Qg7
34. Rxh4# 1-0

[Event "echecs.mat@Evry"]
[Site "http://www.queenalice.com/game.php?id=265684"]
[Date "2007.9.2"]
[Round "-"]
[White "charles31"]
[Black "dasekeed"]
[Result "1-0"]
[WhiteElo "1681"]
[BlackElo "1597"]

1. e4 e5 2. Nf3 Nc6 3. Bb5 Nd4 4. Nxd4 exd4 5. d3 c6 6. Ba4 b5 7. Bb3 Bb4+ 8.
Bd2 a5 9. a3 Bxd2+ 10. Qxd2 a4 11. Ba2 Nf6 12. Qf4 d5 13. Nd2 O-O 14. e5 Nh5 15.
Qxd4 Qg5 16. O-O-O Qxg2 17. h4 Bg4 18. Rdg1 Nf4 19. Rxg2 Ne2+ 20. Kb1 Nxd4 21.
Rxg4 Rae8 22. Rxd4 f5 23. c4 Rxe5 24. cxd5 Kh8 25. dxc6 Rfe8 26. f4 Re3 27. c7
g6 28. Rd8 Kg7 29. c8=Q R8e7 30. h5 b4 31. h6+ Kf6 32. Rf8+ Rf7 33. Rxf7# 1-0

[Event "echecs.mat@Evry"]
[Site "http://www.queenalice.com/game.php?id=265687"]
[Date "2007.9.2"]
[Round "-"]
[White "dasekeed"]
[Black "charles31"]
[Result "0-1"]
[WhiteElo "1569"]
[BlackElo "1709"]

1. e4 e5 2. Bc4 Nf6 3. Nc3 Bb4 4. Nb5 a6 5. Na3 d6 6. c3 Bc5 7. Nf3 Nxe4 8. d4
exd4 9. cxd4 Bb6 10. Qd3 d5 11. Bb3 O-O 12. O-O Bg4 13. Ne5 Be6 14. f4 f6 15.
Nf3 Nc6 16. Be3 Bg4 17. Nd2 Nb4 18. Qb1 Nxd2 19. Bxd2 Bxd4+ 20. Kh1 Nc6 21. Bc2
g6 22. f5 g5 23. h3 Bh5 24. g4 Bf7 25. Bc3 Bc5 26. b4 Bb6 27. Be1 d4 28. Be4 Re8
29. Bxc6 bxc6 30. Bf2 Re2 31. Qd3 Qd5+ 32. Kh2 Rae8 33. h4 R8e3 34. Qxa6 Qe5+
35. Kg1 Rg3+ 36. Kh1 Rh3+ 0-1

[Event "Challenge"]
[Site "http://www.queenalice.com/game.php?id=274330"]
[Date "2007.9.20"]
[Round "-"]
[White "dasekeed"]
[Black "shouou"]
[Result "1-0"]
[WhiteElo "1592"]
[BlackElo "1689"]

1. e4 e5 2. Nf3 Nc6 3. Bc4 Bc5 4. d3 Nf6 5. Ng5 O-O 6. Nc3 d5 7. Nxd5 Nxd5 8.
Bxd5 Be6 9. Qh5 h6 10. Bxe6 fxe6 11. Nxe6 Qf6 12. Qf5 Qxf5 13. exf5 Rxf5 14.
Nxc5 Nd4 15. O-O b6 16. Nb3 Nxc2 17. Rb1 Nb4 18. f4 Nxd3 19. g3 Nxc1 20. Rbxc1
Rc8 21. fxe5 Rxe5 22. Nd4 c5 23. Nb5 a6 24. Nc3 b5 25. a3 Rd8 26. Rf2 Rd6 27.
Rcf1 Rde6 28. Rf8+ Kh7 29. h4 Re1 30. Rxe1 Rxe1+ 31. Kf2 Re6 32. Nd5 Rd6 33. Nc7
Rc6 34. Nd5 Rd6 35. Ne7 Rd2+ 36. Ke3 Rxb2 37. Ra8 Rb3+ 38. Kf4 Rxa3 39. g4 c4
40. Ra7 c3 41. Nf5 b4 42. Rxg7+ Kh8 43. g5 h5 44. g6 c2 45. Rc7 Rc3 46. Rh7+ Kg8
47. Ne7+ Kf8 48. g7+ 1-0

[Event "Challenge"]
[Site "http://www.queenalice.com/game.php?id=282540"]
[Date "2007.10.7"]
[Round "-"]
[White "dasekeed"]
[Black "valerie973"]
[Result "0-1"]
[WhiteElo "1612"]
[BlackElo "1552"]

1. e4 d5 2. exd5 Qxd5 3. Nc3 Qa5 4. Qf3 c6 5. d4 Nf6 6. h3 e5 7. dxe5 Nd5 8.
Qxd5 cxd5 9. Nf3 Be7 10. Bd2 Bb4 11. Bd3 Nc6 12. O-O O-O 13. Ng5 g6 14. a3 Bxc3
15. Bxc3 Qd8 16. f4 Nxe5 17. Be2 Qb6+ 18. Kh1 Nc4 19. h4 Bf5 20. g4 Be4+ 21. Nf3
Ne3 22. Rg1 Nxc2 23. Rac1 Ne3 24. Kh2 Qc7 25. Bd4 Qxf4+ 26. Rg3 Nxg4+ 27. Kh1
Qxc1+ 28. Kg2 Bxf3+ 29. Rxf3 Rae8 30. Kg3 Rxe2 31. Kxg4 Qc8+ 32. Kg3 Qc7+ 33.
Rf4 Re4 34. Bxa7 Qxf4+ 35. Kg2 Rc8 36. b4 Rc2+ 37. Kh3 Qxh4# 0-1

[Event "Challenge"]
[Site "http://www.queenalice.com/game.php?id=282541"]
[Date "2007.10.7"]
[Round "-"]
[White "valerie973"]
[Black "dasekeed"]
[Result "1-0"]
[WhiteElo "1557"]
[BlackElo "1640"]

1. e4 e5 2. d4 exd4 3. Qxd4 Nc6 4. Qd1 Nf6 5. Bg5 Bc5 6. Nc3 Nxe4 7. Bxd8 Bxf2+
8. Ke2 Nxc3+ 9. bxc3 Bc5 10. Bxc7 O-O 11. Ke1 Ne7 12. Bd6 Bxd6 13. Qxd6 Nf5 14.
Qd3 d6 15. Be2 Re8 16. Nf3 a5 17. Nd4 Nh6 18. Kd2 b6 19. Bf3 Ba6 20. Nb5 Rac8
21. a4 Re5 22. Rhe1 Rec5 23. c4 Rd8 24. Bd5 Ng4 25. Re7 Ne5 26. Rxe5 Kf8 27. Rh5
h6 28. Qh7 Bc8 29. Qh8+ Ke7 30. Qxg7 Rf8 31. Bxf7 Kd8 32. Qxf8+ Kd7 33. Qxd6#
1-0

[Event "Défi"]
[Site "http://www.queenalice.com/game.php?id=282602"]
[Date "2007.10.7"]
[Round "-"]
[White "Menalque"]
[Black "dasekeed"]
[Result "1-0"]
[WhiteElo "1816"]
[BlackElo "1615"]

1. d4 d5 2. c4 Nf6 3. cxd5 Nxd5 4. Nc3 Nc6 5. e4 Ndb4 6. Nf3 Bg4 7. d5 Na5 8. a3
Na6 9. b4 c5 10. Bxa6 bxa6 11. bxc5 Rb8 12. Bf4 Rb3 13. Be5 Nc4 14. Qxb3 Nxe5
15. Nxe5 Bh5 16. Rb1 e6 17. d6 Bxd6 18. cxd6 O-O 19. d7 Qa5 20. Nc6 Qc5 21. d8=Q
Qxc6 22. Qxf8+ Kxf8 23. O-O Ke7 24. Rb2 f5 25. exf5 e5 26. Re1 Qf6 27. Nd5+ Kd6
28. Nxf6 gxf6 29. Qe6+ Kc5 30. Rc1+ Kd4 31. Qc4# 1-0

[Event "youpi"]
[Site "http://www.queenalice.com/game.php?id=282634"]
[Date "2007.10.7"]
[Round "-"]
[White "charles31"]
[Black "dasekeed"]
[Result "0-1"]
[WhiteElo "1754"]
[BlackElo "1606"]

1. e4 e5 2. d4 exd4 3. Qxd4 Nc6 4. Qa4 Nf6 5. Bb5 Qe7 6. Bxc6 bxc6 7. f3 Qc5 8.
Nc3 d6 9. Bd2 Bd7 10. Nge2 Qe5 11. Qa5 Qxa5 12. Nd5 Qc5 13. Nxc7+ Ke7 14. Nxa8
Qxc2 15. Bc3 g5 16. Rc1 Qa4 17. O-O Qxa2 18. Rfe1 Bh6 19. Ng3 Rxa8 20. e5 Nd5
21. exd6+ Kf8 22. Ra1 Qc4 23. Rad1 Nxc3 24. bxc3 Qxc3 25. Ne4 Qa5 26. Nf6 Be6
27. d7 Qf5 28. d8=Q+ Rxd8 29. Rxd8+ Ke7 30. Ra8 Qxf6 31. Rxa7+ Kf8 32. Rd1 g4
33. Ra8+ Kg7 34. Rdd8 Be3+ 35. Kf1 Bc4+ 36. Ke1 Qc3+ 37. Kd1 Qc1# 0-1

[Event "bonjour,"]
[Site "http://www.queenalice.com/game.php?id=282635"]
[Date "2007.10.7"]
[Round "-"]
[White "dasekeed"]
[Black "charles31"]
[Result "1-0"]
[WhiteElo "1565"]
[BlackElo "1783"]

1. e4 e5 2. Nf3 d6 3. Nc3 Nc6 4. d4 exd4 5. Nxd4 Nxd4 6. Qxd4 Nf6 7. Bg5 Be7 8.
e5 c5 9. Qa4+ Bd7 10. Bb5 dxe5 11. O-O-O O-O 12. Bxf6 Bxb5 13. Nxb5 Qe8 14. Bxe5
Bg5+ 15. f4 Bh6 16. Rhe1 Rd8 17. Bd6 Qd7 18. Bxf8 Qc8 19. Nd6 Qc7 20. Re7 Bxf4+
21. Qxf4 f6 22. Rxc7 Rxf8 23. Qc4+ Kh8 24. Rc8 Rxc8 25. Nxc8 h6 26. Rd8+ Kh7 27.
Ne7 1-0

[Event "concentré"]
[Site "http://www.queenalice.com/game.php?id=293729"]
[Date "2007.10.27"]
[Round "-"]
[White "charles31"]
[Black "dasekeed"]
[Result "0-1"]
[WhiteElo "1770"]
[BlackElo "1573"]

1. e4 e5 2. Nf3 Nc6 3. d4 Qf6 4. d5 Nb4 5. Bd2 c6 6. a3 Nxd5 7. Bc3 Nxc3 8. Nxc3
Bc5 9. Qd3 d5 10. exd5 Bf5 11. Ne4 Bxe4 12. Qxe4 Ne7 13. c4 cxd5 14. cxd5 O-O
15. Bc4 Rad8 16. O-O Bd6 17. Rfe1 Ng6 18. Bd3 Qe7 19. b4 Nf4 20. Bc4 Qf6 21. Re3
Qh6 22. Rae1 f5 23. Qc2 e4 24. Nd4 Nxg2 25. Kxg2 Qxh2+ 26. Kf1 Bf4 27. Ke2 Bxe3
28. Kxe3 f4+ 29. Kd2 Qxf2+ 30. Ne2 e3+ 31. Kd1 f3 32. Nd4 e2+ 33. Nxe2 fxe2+ 34.
Rxe2 Qd4+ 35. Bd3 Qa1+ 36. Kd2 Qxa3 37. Bc4 Qxb4+ 38. Kd1 Rf1+ 39. Re1 Qxe1# 0-1

[Event "revanche"]
[Site "http://www.queenalice.com/game.php?id=293731"]
[Date "2007.10.27"]
[Round "-"]
[White "dasekeed"]
[Black "charles31"]
[Result "0-1"]
[WhiteElo "1603"]
[BlackElo "1770"]

1. e4 e5 2. Nf3 d6 3. Bc4 Qf6 4. d3 h6 5. Nc3 Bg4 6. h3 Bh5 7. g4 Bg6 8. h4 Qe7
9. g5 hxg5 10. Nd5 Qd7 11. Nxg5 c6 12. Nc3 Be7 13. Qf3 f6 14. Be6 Qc7 15. Be3
Nd7 16. O-O-O b6 17. Rhg1 fxg5 18. hxg5 O-O-O 19. Rh1 Rxh1 20. Rxh1 Rf8 21. Qg4
Bf7 22. Rh8 Qd8 23. d4 Kc7 24. d5 c5 25. Nb5+ Kb7 26. Bxd7 a6 27. Bc6+ Kb8 28.
Na3 Kc7 29. Qg1 Bg6 30. f3 Bxg5 31. Kd2 Bxe3+ 32. Qxe3 Qf6 33. Nc4 Be8 34. Qb3
Qf4+ 35. Ke1 Qg3+ 36. Ke2 Qg2+ 37. Kd1 Qf1+ 38. Kd2 b5 39. Na5 Bxc6 40. Nxc6
Rxf3 41. c3 Qd3+ 42. Ke1 Qe3+ 43. Kd1 Rf1+ 44. Kc2 Qe2# 0-1

[Event "Challenge"]
[Site "http://www.queenalice.com/game.php?id=294240"]
[Date "2007.10.28"]
[Round "-"]
[White "dasekeed"]
[Black "lesangesleader"]
[Result "0-1"]
[WhiteElo "1586"]
[BlackElo "1739"]

1. e4 e6 2. d4 d5 3. e5 c5 4. c4 cxd4 5. Qxd4 Nc6 6. Qc3 Bb4 7. cxd5 Bxc3+ 8.
Nxc3 Nxe5 9. Bb5+ Bd7 10. d6 a6 11. Ba4 Bxa4 12. Nxa4 Qxd6 13. Ne2 Rd8 14. Nac3
Nd3+ 15. Kf1 Nxc1 16. Rxc1 Nf6 17. g3 O-O 18. Kg2 Qc6+ 19. f3 Rd2 20. Ne4 Rxe2+
21. Kh3 Qb5 22. g4 Nxe4 23. fxe4 Re3+ 24. Kg2 Qe2+ 25. Kg1 Qxg4+ 26. Kf2 Qf3+
27. Kg1 Rd8 28. h4 Qg3+ 29. Kf1 Rf3+ 30. Ke2 Qf2# 0-1

[Event "AUTO-INT-666"]
[Site "http://www.queenalice.com/game.php?id=294616"]
[Date "2007.10.28"]
[Round "1"]
[White "xisco"]
[Black "dasekeed"]
[Result "1-0"]
[WhiteElo "1598"]
[BlackElo "1548"]

1. e4 e5 2. Nf3 Nc6 3. Bc4 Nf6 4. Ng5 d5 5. exd5 Na5 6. Bb5+ Bd7 7. Qe2 Bd6 8.
O-O Ng4 9. Ne4 Qh4 10. h3 h5 11. Bxd7+ Kxd7 12. Qb5+ Nc6 13. dxc6+ bxc6 14. Qc4
f5 15. Qf7+ Be7 16. Qxf5+ Kd8 17. Qe6 c5 18. Qd5+ Ke8 19. Qxa8+ Kf7 20. Qxh8 Nh6
21. Qa8 c4 22. Qd5+ Kg6 23. d3 Kf5 24. Ng3+ Kg6 25. Nc3 1-0

[Event "AUTO-INT-666"]
[Site "http://www.queenalice.com/game.php?id=294617"]
[Date "2007.10.28"]
[Round "1"]
[White "dasekeed"]
[Black "xisco"]
[Result "0-1"]
[WhiteElo "1598"]
[BlackElo "1581"]

1. e4 e5 2. Nf3 Nc6 3. Bc4 Be7 4. d3 Nf6 5. Ng5 d5 6. exd5 Nxd5 7. Qf3 Bxg5 8.
Bxd5 O-O 9. Nc3 Nd4 10. Qd1 c6 11. Bb3 Bd7 12. Ne4 Bxc1 13. Rxc1 Nxb3 14. cxb3
Qa5+ 15. Nc3 Be6 16. O-O Rad8 17. Na4 Qc7 18. Qh5 Rd5 19. Rfd1 Rfd8 20. b4 e4
21. dxe4 Rxh5 22. Nc5 Qxh2+ 23. Kf1 Qh1+ 24. Ke2 Bg4+ 25. f3 Qxg2+ 26. Ke1 Rh1#
0-1

[Event "AUTO-INT-666"]
[Site "http://www.queenalice.com/game.php?id=294632"]
[Date "2007.10.28"]
[Round "1"]
[White "rogervolei"]
[Black "dasekeed"]
[Result "1-0"]
[WhiteElo "1729"]
[BlackElo "1571"]

1. e3 e5 2. a3 d5 3. h3 Nc6 4. Bb5 Ne7 5. Nf3 Bd7 6. Bxc6 Bxc6 7. Nxe5 d4 8.
Nxc6 Nxc6 9. b4 dxe3 10. dxe3 Qxd1+ 11. Kxd1 O-O-O+ 12. Ke2 Ne5 13. Rd1 Bd6 14.
Bb2 Nc4 15. Bc3 Rhg8 16. Nd2 Nxd2 17. Rxd2 f5 18. f4 Rde8 19. h4 Bxf4 20. Bd4
Bg3 21. Bxa7 b6 22. Rd5 f4 23. c4 Rxe3+ 24. Kf1 h6 25. c5 Rge8 26. Rdd1 g5 27.
cxb6 g4 28. bxc7 Kxc7 29. Bxe3 fxe3 30. Rac1+ Kb6 31. Ke2 Bxh4 32. Rd6+ Kb7 33.
Rxh6 Bg5 34. Rg6 1-0

[Event "AUTO-INT-666"]
[Site "http://www.queenalice.com/game.php?id=294633"]
[Date "2007.10.28"]
[Round "1"]
[White "dasekeed"]
[Black "rogervolei"]
[Result "0-1"]
[WhiteElo "1582"]
[BlackElo "1718"]

1. e4 e6 2. d4 Qh4 3. Nc3 Bb4 4. Nf3 Bxc3+ 5. bxc3 Qxe4+ 6. Be3 Qg6 7. Bd3 Qxg2
8. Rg1 Qh3 9. Rg3 Qh5 10. Rxg7 f6 11. Be2 Qa5 12. Qd2 Kf8 13. Rg3 h6 14. Rg6 Kf7
15. Rg3 b6 16. Bc4 Bb7 17. Nh4 d5 18. Bd3 f5 19. Rf3 Nd7 20. Bxf5 exf5 21. Nxf5
Ndf6 22. Nxh6+ Nxh6 23. Bxh6 Rae8+ 24. Kd1 Qa6 25. Rd3 Ne4 26. Qf4+ Kg6 27. Rh3
Nxc3+ 28. Kc1 Ne2+ 29. Kd1 Nxf4 30. Rh4 Rxh6 31. Rxf4 Qf1+ 32. Kd2 Qxa1 33. Rg4+
Kf5 0-1

[Event "Challenge"]
[Site "http://www.queenalice.com/game.php?id=301809"]
[Date "2007.11.10"]
[Round "-"]
[White "charles31"]
[Black "dasekeed"]
[Result "1-0"]
[WhiteElo "1818"]
[BlackElo "1606"]

1. e4 e5 2. Nf3 Nc6 3. g3 d5 4. exd5 Qxd5 5. d3 Nf6 6. Bg2 e4 7. Ng5 Bg4 8. f3
exf3 9. Bxf3 Qe5+ 10. Qe2 O-O-O 11. Ne4 Nd4 12. Nd6+ Qxd6 13. Bxg4+ Nxg4 14.
Qxg4+ f5 15. Qd1 Qc6 16. Kd2 Re8 17. Re1 Nf3+ 18. Qxf3 Qxf3 19. Rxe8+ Kd7 20.
Re3 Qh1 21. Re2 g5 22. c3 h5 23. Kc2 Bh6 24. b3 g4 25. Na3 Bf8 26. Nc4 Qf3 27.
Ne5+ Kd6 28. Nxf3 gxf3 29. Rf2 h4 30. Bf4+ Ke6 31. Rxf3 h3 32. Re3+ Kf7 33. Bxc7
Bh6 34. Rf3 Ke6 35. Re1+ Kf6 36. Re5 Kg5 37. Rexf5+ Kg4 38. d4 Re8 39. Rf2 Re3
40. Bf4 Bxf4 41. R2xf4# 1-0

[Event "Challenge"]
[Site "http://www.queenalice.com/game.php?id=315609"]
[Date "2007.12.6"]
[Round "-"]
[White "dasekeed"]
[Black "charles31"]
[Result "0-1"]
[WhiteElo "1561"]
[BlackElo "1789"]

1. e4 e5 2. Nf3 d6 3. d4 exd4 4. Nxd4 Nf6 5. Bg5 h6 6. Bxf6 Qxf6 7. Nc3 c6 8.
Bc4 Be6 9. Bxe6 fxe6 10. Qg4 Qxd4 11. Qxe6+ Be7 12. O-O Qe5 13. Qg6+ Kd7 14. f4
Qc5+ 15. Kh1 Bf6 16. Qf7+ Kd8 17. e5 Be7 0-1

[Event "Challenge"]
[Site "http://www.queenalice.com/game.php?id=315610"]
[Date "2007.12.6"]
[Round "-"]
[White "charles31"]
[Black "dasekeed"]
[Result "1-0"]
[WhiteElo "1796"]
[BlackElo "1554"]

1. e4 c5 2. Bb5 Nf6 3. Nc3 e6 4. e5 Nd5 5. Nxd5 exd5 6. d4 c4 7. c3 Be7 8. Bf4
O-O 9. Qf3 a6 10. Ba4 b5 11. Bc2 Bb7 12. Nh3 b4 13. O-O a5 14. cxb4 1-0

[Event "Challenge"]
[Site "http://www.queenalice.com/game.php?id=376333"]
[Date "2008.3.24"]
[Round "-"]
[White "charles31"]
[Black "dasekeed"]
[Result "1-0"]
[WhiteElo "1730"]
[BlackElo "1534"]

1. e4 e5 2. Nf3 Nc6 3. Bb5 d5 4. exd5 Qxd5 5. Bxc6+ bxc6 6. Nc3 Qc5 7. d3 Bg4 8.
O-O Nf6 9. Be3 Qb4 10. Qe1 Qxb2 11. Nxe5 Bd6 12. Bc5 Bxc5 13. Nc4+ Be7 14. Nxb2
O-O 15. Qxe7 Rac8 16. f3 Be6 17. Ne4 Nd5 18. Qc5 Rfe8 19. c4 Nb6 20. Qxc6 Bf5
21. Na4 Bg6 22. Rae1 Re6 23. Qb5 Rd8 24. f4 f5 25. Nxb6 1-0

[Event "Challenge"]
[Site "http://www.queenalice.com/game.php?id=376334"]
[Date "2008.3.24"]
[Round "-"]
[White "dasekeed"]
[Black "charles31"]
[Result "0-1"]
[WhiteElo "1526"]
[BlackElo "1738"]

1. e4 e5 2. Bc4 d6 3. Nc3 Nf6 4. Nf3 Bg4 5. d4 exd4 6. Qxd4 Nc6 7. Bb5 Qd7 8. e5
Bxf3 9. Bxc6 Qxc6 10. gxf3 Qxf3 11. Rg1 Nd7 12. Bg5 Be7 13. Bxe7 Nxe5 14. Qh4
Rg8 15. Ne2 Kd7 16. Rg3 Qf5 17. O-O-O Rae8 18. Bg5 Nf3 19. Qf4 Qxf4+ 20. Bxf4
Rxe2 21. Rxf3 Re6 22. Be3 f6 23. Bxa7 b6 24. Re3 Rxe3 25. fxe3 Kc6 0-1